Lengua, literatura, intimidad : entre Lope de Vega y Azorín /

Uloženo v:
Podrobná bibliografie
Hlavní autor: Zamora Vicente, Alonso (autor)
Médium: Kniha
Jazyk:španělština
Vydáno: Madrid, España : Taurus, 1966, c1966
Edice:(Persiles ; 33)
Témata:
Tagy: Přidat tag
Žádné tagy, Buďte první, kdo vytvoří štítek k tomuto záznamu!

MARC

LEADER 00000nam^a2200000^a^4500
001 000144185
005 20250521000000.0
009 20260310095749.741
037 |a Acervo ITESO - Biblioteca 
041 |a ESP 
082 |a 860. 946  |b ZAM 
100 |a Zamora Vicente, Alonso  |e (autor) 
245 1 0 |a Lengua, literatura, intimidad :  |b entre Lope de Vega y Azorín /  |c A. Zamora Vicente. 
264 4 |a Madrid, España :  |b Taurus,  |c 1966, c1966 
300 |a 171 p. 
336 |a texto  |b txt  |2 rdacontenido 
337 |a sin mediación  |b n  |2 rdamedio 
338 |a volumen  |b nc  |2 rdasoporte 
440 1 |a (Persiles ;  |v 33) 
649 |a XX 
650 |a Escritores Españoles 
650 |a Literatura Española -  |x Historia y Crítica 
650 |a Pérez Galdós, Benito 
650 |a Gutiérrez Solana, José 
650 |a Miró, Gabriel 
650 |a García Lorca, Federico 
650 |a Dialecto 
650 |a Sociolecto 
650 |a Sociolingüística 
650 |a Español 
650 |a Lenguaje y Lenguas -  |z España -  |x Historia 
650 |a Lingüística 
650 |a Lenguaje y Pensamiento 
600 |a Vega, Lope de 
910 |a Fondo Salvador Reynoso Reynoso 
920 |a Impresos - Libros 
930 |a Fondos Especiales 
940 |a Literatura 
905 |a 112 
901 |a 0800015777  |b IT2  |c ESP  |u 20250521 
902 |a https://opac.biblio.iteso.mx/vufind/Record/000144185